| 000 | 00458nam a2200181Ia 4500 | ||
|---|---|---|---|
| 003 | LK-CoDNM | ||
| 005 | 20240801100207.0 | ||
| 008 | 010623t xxu||||| |||| 00| 1 eng d | ||
| 040 |
_aLK-CoDNM _dLK-CoDNM _eLK-CoDNM |
||
| 041 | _aeng | ||
| 080 |
_a8 _bN17 |
||
| 100 | _aBasu,B.D. | ||
| 245 | _aThe Sacred books of the Hindus | ||
| 300 | _b68p. : 25 cm | ||
| 700 | _aSandal,Mohan Lal. | ||
| 700 |
_aVidyarnava,Rai Bahadur Sris Chandra. _eed. |
||
| 942 | _cBK | ||
| 999 |
_c136513 _d136513 |
||